| 000 | 00484nam a2200157Ia 4500 | ||
|---|---|---|---|
| 008 | 240729s9999 xx 000 0 und d | ||
| 022 | _a2332-5003 | ||
| 245 | 0 | _aRocky Mountain Law Journal | |
| 260 | _aUnited States | ||
| 260 | _bRocky Mountain Academy of Legal Studies in Business | ||
| 650 | _a Law in general. Comparative and uniform law. Jurisprudence | ||
| 650 | _aLaw | ||
| 856 | _uhttps://doaj.org/toc/dd28ebf1c77341a6864efb18cb48ddd7 | ||
| 942 | _2ddc | ||
| 942 | _cDOAJEJ | ||
| 999 |
_c71268 _d71268 |
||
| 945 |
_a1 _bMadushi Gamage _c1 _dMadushi Gamage |
||